000 00417nam a22001697a 4500
005 20160519110605.0
008 160519b xxu||||| |||| 00| 0 eng d
020 _a81-203-0794-1
041 _aeng
082 _b3129
100 _aHansen B.L. & Ghare P.M.
_9785
245 _aQuanty Control & Application
260 _aDelhi
_bPearson Education,
_c1987
300 _a545
650 _aManagement
_9241
942 _cBK
999 _c1077
_d1077